[Event "Budapest FS12 IM"]
[Site "Budapest"]
[Date "1996.??.??"]
[Round "3"]
[White "Fancsy, Imre"]
[Black "Rodriguez Lopez, Rafael"]
[Result "0-1"]
[WhiteElo "2325"]
[BlackElo "2410"]

1.Nf3 Nf6 2.c4 c5 3.g3 b6 4.Bg2 Bb7 5.O-O e6 6.Nc3 Be7 7.d4 cxd4 8.Qxd4 O-O
9.Rd1 d6 10.Bg5 Nbd7 11.Nb5 d5 12.Ne5 Bc5 13.Bxf6 Nxf6 14.Qh4 Qb8 15.Nd3 Be7
16.Qf4 dxc4 17.Qxc4 Bxg2 18.Kxg2 Qb7+ 19.Kg1 Rac8 20.Qb3 Ne4 21.f3 a6 22.Nc3 Nxc3
23.bxc3 Bf6 24.Rdc1 Rfd8 25.Kg2 h5 26.Rab1 Rd6 27.c4 Rdc6 28.c5 Bg5 29.Rd1 Bd8
30.a4 h4 31.Qa2 hxg3 32.hxg3 Qe7 33.cxb6 Bxb6 34.Rdc1 Qg5 35.Rxc6 Rxc6 36.Qb2 Bc7
37.Rc1 Qxg3+ 38.Kf1 Bb6  0-1

[Event "Spring op"]
[Site "Budapest"]
[Date "1996.??.??"]
[Round "3"]
[White "Lehmann, Zoltan"]
[Black "Peredy, Ferenc"]
[Result "1/2-1/2"]
[WhiteElo "2300"]
[BlackElo "2365"]

1.Nf3 c5 2.c4 Nf6 3.g3 b6 4.Bg2 Bb7 5.O-O e6 6.b3 Be7 7.Bb2 O-O 8.d4 cxd4
9.Nxd4 Bxg2 10.Kxg2 d5 11.Nd2 Qd7 12.cxd5 Qxd5+ 13.N2f3 Rd8 14.Rc1 a6 15.Qc2 Ra7
16.Nc6 Nxc6 17.Qxc6 Qxc6 18.Rxc6 Bc5 19.Bd4 Bxd4 20.Nxd4 Rad7 21.e3 Nd5 22.Rfc1 Kf8  1/2-1/2

[Event "JUG-chT"]
[Site "Budva"]
[Date "1996.??.??"]
[Round "2"]
[White "Aleksic, Nenad2"]
[Black "Tosic, Miroslav"]
[Result "0-1"]
[WhiteElo "2330"]
[BlackElo "2415"]

1.Nf3 c5 2.c4 Nf6 3.g3 b6 4.Bg2 Bb7 5.O-O e6 6.Nc3 Be7 7.b3 O-O 8.Bb2 d5
9.cxd5 Nxd5 10.Rc1 Na6 11.d4 Rc8 12.Nb5 Nab4 13.dxc5 bxc5 14.a3 Qb6 15.axb4 Qxb5
16.bxc5 Bxc5 17.Nd4 Qb6 18.e3 Rfd8 19.Qg4 Nf6 20.Qh3 Ne4 21.Qg4 Nf6 22.Qh3 Bf8
23.Bxb7 Qxb7 24.Qg2 Nd5 25.Qe4 Qd7 26.Rxc8 Rxc8 27.Rc1 Rxc1+ 28.Bxc1 g6 29.Qc2 Nb4
30.Qd2 e5 31.Nc2 Qxd2  0-1

[Event "JUG-chT"]
[Site "Budva"]
[Date "1996.??.??"]
[Round "2"]
[White "Vukic, Milan"]
[Black "Damljanovic, Branko"]
[Result "1/2-1/2"]
[WhiteElo "2460"]
[BlackElo "2510"]

1.Nf3 c5 2.c4 Nf6 3.g3 b6 4.Bg2 Bb7 5.O-O e6 6.Nc3 a6 7.b3 Be7 8.Bb2 O-O
9.e3 d6 10.d4 Qc7 11.Rc1 Nbd7 12.Qe2 Rfe8 13.Rfd1 Bf8 14.Ne1 cxd4 15.exd4 g6
16.Qd2 Rad8 17.d5 e5 18.Nc2 h5 19.h3 Kh7 20.Qe2 Bh6 21.Rb1 Nb8 22.Bc1 Bxc1
23.Rbxc1 Bc8 24.Kh2 Kg7 25.Ne3 Nbd7 26.b4 Nf8 27.c5 bxc5 28.bxc5 Qxc5 29.Ne4 Qb5
30.Qxb5 axb5 31.Rxc8 Rxc8 32.Nxd6 Rc5 33.Nxe8+ Nxe8 34.d6 Nd7 35.g4 hxg4
36.hxg4 Kf6 37.Kg3 Kg5 38.Be4 Nef6 39.Bd5 Nxd5 40.Rxd5 f5 41.gxf5 gxf5 42.Kf3 Kf6
43.Rxc5 Nxc5  1/2-1/2

[Event "Calcutta op"]
[Site "Calcutta"]
[Date "1996.??.??"]
[Round "10"]
[White "Mishra, Neeraj Kumar"]
[Black "Shetty, Rahul"]
[Result "1-0"]
[WhiteElo "2390"]
[BlackElo "2390"]

1.Nf3 c5 2.g3 b6 3.Bg2 Bb7 4.O-O Nf6 5.c4 e6 6.Nc3 a6 7.d4 Ne4 8.Qc2 Nxc3
9.Qxc3 cxd4 10.Qxd4 Nc6 11.Qg4 h5 12.Qf4 Rc8 13.Rd1 Qc7 14.Qxc7 Rxc7 15.Bf4 Rc8
16.Ne5 d6 17.Nxc6 Bxc6 18.Bxd6 Bxg2 19.Kxg2 Rxc4 20.Bxf8 Rxf8 21.Rd6 Rb4
22.Rad1 Ke7 23.b3 Rb5 24.Rc6 g5 25.Rc7+ Kf6 26.Rd6 Ra5 27.a4 Rb8 28.Rcc6 b5
29.Rc5 Ke7 30.Rd4 f5 31.e4 Rf8 32.e5 Rb8 33.Rd6  1-0

[Event "Cannes Martinez op"]
[Site "Cannes"]
[Date "1996.??.??"]
[Round "2"]
[White "Carlhammar, Magnus"]
[Black "Sebban, Jean Paul"]
[Result "1-0"]
[WhiteElo "2310"]
[BlackElo "2120"]

1.Nf3 e6 2.g3 b6 3.Bg2 Bb7 4.O-O Nf6 5.c4 c5 6.b3 Be7 7.Bb2 O-O 8.e3 Nc6
9.Qe2 d5 10.Rd1 Qc7 11.Nc3 Rac8 12.cxd5 Nxd5 13.Nxd5 exd5 14.d4 Rfd8 15.Rac1 Nb4
16.Bh3 Ra8 17.Bc3 Ba6 18.Qd2 Nd3 19.Bf1 Nxc1 20.Bxa6 cxd4 21.Nxd4 Ba3 22.Bb2 Bxb2
23.Qxb2 Rac8 24.Bxc8 Rxc8 25.Nf5 Qc3 26.Qxc3 Rxc3 27.Rxd5 h6 28.Rd8+ Kh7
29.Rd7 Kg6 30.Ne7+ Kg5 31.Nd5 Rd3 32.e4 Kg4 33.Kg2 Kg5 34.Rxf7 Kg6 35.Rxa7 Rd2
36.Nf4+ Kh7 37.Ne6 Nxa2 38.Rxg7+ Kh8 39.Rf7 Rb2 40.Nf4 Rxb3 41.e5  1-0

[Event "Capablanca mem-C"]
[Site "Cienfuegos"]
[Date "1996.??.??"]
[Round "3"]
[White "Paneque, Pedro"]
[Black "Garcia, Osmel"]
[Result "1/2-1/2"]
[WhiteElo "2370"]
[BlackElo "2335"]

1.c4 e6 2.Nf3 Nf6 3.g3 b6 4.Bg2 Bb7 5.O-O c5 6.b3 Be7 7.Bb2 O-O 8.e3 d6 9.Nc3 Nbd7
10.d4 Ne4 11.Ne2 Qc7 12.Nf4 Nef6 13.d5 e5 14.Ne2 b5 15.Nd2 Nb6 16.Qc2 bxc4
17.bxc4 Bc8 18.h3 Bd7 19.a4 Rab8 20.Nc3 Qc8 21.a5 Na8 22.Kh2 Nc7 23.f4 exf4
24.gxf4 Na6 25.Ne2 Nb4 26.Qc3 Ne8 27.e4 Bf6 28.e5 dxe5 29.Ne4 exf4 30.Nxf6+ Nxf6
31.Nxf4 Qc7 32.Rf3 Rfe8 33.Rg3 Qxf4 34.Rf1 Ng4+ 35.hxg4 Qh6+ 36.Rh3 Qg6 37.Rhf3 f6
38.g5 Qxg5 39.Rg3 Qh6+ 40.Bh3 Na2 41.Rxg7+ Kxg7 42.Qxf6+ Qxf6 43.Bxf6+ Kg6
44.Bxd7 Rf8 45.Be5 Rxf1 46.Bxb8 a6 47.d6 Rd1 48.Bc8 Nb4 49.d7 Nc6 50.Bc7 Kf7
51.Bb6 Ke7 52.Bxc5+ Kd8 53.Bb6+ Ke7 54.Bxa6 Kxd7 55.c5 Ra1 56.Bb5 Ra3 57.a6 h6
58.Bf1 Nb4 59.Bb5+ Kc8 60.a7 Kb7 61.Bf1 Nc6 62.Bg2 Ra2 63.Kg3 Rxg2+ 64.Kxg2 Nxa7  1/2-1/2

[Event "Politiken Cup"]
[Site "Copenhagen"]
[Date "1996.??.??"]
[Round "7"]
[White "Kogan, Artur"]
[Black "Taimanov, Mark E"]
[Result "1-0"]
[WhiteElo "2485"]
[BlackElo "2480"]

1.Nf3 Nf6 2.c4 e6 3.g3 b6 4.Bg2 Bb7 5.O-O c5 6.Nc3 Be7 7.Re1 d5 8.cxd5 exd5
9.d4 O-O 10.Bf4 Na6 11.Rc1 Nc7 12.Nh4 Ne6 13.Nf5 Nxf4 14.gxf4 c4 15.Qd2 Bb4
16.a3 Ba5 17.f3 Re8 18.Ng3 h5 19.f5 h4 20.Nh1 Nh5 21.e4 h3 22.Bxh3 dxe4 23.fxe4 Rxe4
24.Rxe4 Bxe4 25.Ng3 Nxg3 26.hxg3 Qd6 27.Qf2 Bxc3 28.Rxc3 b5 29.Re3 Qxd4 30.Bg2 Re8
31.Kh2 g6 32.fxg6 fxg6 33.Qf4 Qxb2 34.Rxe4 Qh8+ 35.Kg1 Qa1+ 36.Qf1 Qxf1+
37.Kxf1 Rc8 38.Ke2 c3 39.Kd1 c2+ 40.Kc1 Rc3 41.Rg4 Rxa3 42.Be4 a5 43.Bxg6 b4
44.Bxc2+ Kf7 45.Kb2 Re3 46.Rf4+ Kg7 47.g4 Rg3 48.Rc4 Kf6 49.Bd1 Rg2+ 50.Kc1 Rg1
51.Rc6+ Ke7 52.Rb6 Rg3 53.Rb5 Ra3 54.Kb2  1-0

[Event "Decin op"]
[Site "Decin"]
[Date "1996.??.??"]
[Round "4"]
[White "Tolstikh, Nikolay"]
[Black "Jurek, Josef"]
[Result "1/2-1/2"]
[WhiteElo "2420"]
[BlackElo "2380"]

1.Nf3 Nf6 2.c4 b6 3.g3 c5 4.Bg2 Bb7 5.O-O e6 6.Nc3 Be7 7.Re1 d5 8.cxd5 exd5
9.d4 O-O 10.Bf4 Na6 11.Rc1 Qd7 12.a3 Rfd8 13.Rc2 Ne4 14.Qc1 Rac8 15.Rd1 Qe6
16.Ng5 Bxg5 17.Bxg5 Re8 18.Bxe4 dxe4 19.d5 Qd7 20.d6 Nb8 21.b4 Re5 22.b5 f6
23.Bf4 Rh5 24.f3 Qh3 25.g4 exf3 26.exf3 Qxf3 27.gxh5 Re8 28.Nd5 Bxd5 29.Rxd5 Qxd5
30.Rd2 Qxh5 31.Qc4+ Kh8 32.Bg3 Nd7 33.Kg2 h6 34.a4 Qg5 35.Re2 Rxe2+ 36.Qxe2 Qd5+
37.Kf2 Ne5 38.Bxe5 fxe5 39.Qf3 Qxd6 40.Qa8+ Kh7 41.Qxa7 e4 42.Qf7 Qxh2+ 43.Ke3 Qe5
44.Qc4 Qg3+ 45.Kxe4 h5 46.a5 h4 47.Qf7 Qe1+ 48.Kf5 Qf2+ 49.Ke6 Qe3+ 50.Kd7 h3
51.Qh5+ Qh6 52.Qxh6+ gxh6 53.axb6 h2 54.b7 h1=Q 55.b8=Q Qd5+ 56.Ke7 Qe4+
57.Kd7 c4 58.Qc7 Qd3+ 59.Kc8+ Kg6 60.b6 Qf5+ 61.Kd8 Qd5+ 62.Ke7  1/2-1/2

[Event "DEN-chT9596"]
[Site "DEN"]
[Date "1996.??.??"]
[Round "4"]
[White "Holst, Allan"]
[Black "Rath, Ulrik"]
[Result "1/2-1/2"]
[WhiteElo "2340"]
[BlackElo "2370"]

1.Nf3 Nf6 2.c4 b6 3.g3 c5 4.Bg2 Bb7 5.O-O e6 6.b3 Be7 7.Bb2 O-O 8.Nc3 d5
9.cxd5 Nxd5 10.Rc1 Nd7 11.d4 Bf6 12.Ne4 Be7 13.dxc5 Nxc5 14.Qd4 Nf6 15.Nxf6+ Bxf6
16.Qxd8 Rfxd8 17.Bxf6 gxf6 18.b4 Ne4 19.Rc7 Bd5 20.a3 a5 21.b5 Nd6 22.Nd4 Ne8
23.Bxd5 Rxd5 24.Rc4 Nd6 25.Ra4 Nxb5 26.Nxb5 Rxb5 27.Rd1 Re5 28.Rg4+ Rg5 29.Rc4 Rc5
30.Rg4+ Rg5 31.Rc4 Rc5 32.Rg4+ Rg5 33.Rc4  1/2-1/2

[Event "Asia-ch"]
[Site "Dubai"]
[Date "1996.??.??"]
[Round "?"]
[White "Gunawan, Johan"]
[Black "Annageldiev, Orazly"]
[Result "1/2-1/2"]
[WhiteElo "2320"]
[BlackElo "2485"]

1.Nf3 c5 2.c4 Nf6 3.g3 b6 4.Bg2 Bb7 5.O-O e6 6.Nc3 d6 7.Re1 a6 8.e4 Nbd7
9.d4 cxd4 10.Nxd4 Qc7 11.Bg5 Be7 12.Bc1 O-O 13.h3 Rfe8 14.Be3 Rac8 15.b3 Qb8
16.Qd3 Qa8 17.Qb1 Nc5 18.Bd2 Bf8 19.Rd1 g6 20.f3 Bg7 21.Be3 Qb8 22.Bf2 h5
23.Nde2 Red8 24.g4 hxg4 25.hxg4 b5 26.b4 Ncxe4 27.Nxe4 Nxe4 28.fxe4 Kf8 29.cxb5 d5  1/2-1/2

[Event "Finkenstein op"]
[Site "Finkenstein"]
[Date "1996.??.??"]
[Round "3"]
[White "Kostanjsek, Zorko"]
[Black "Giessmann, Andreas"]
[Result "1-0"]
[WhiteElo "2205"]
[BlackElo "2030"]

1.Nf3 Nf6 2.c4 b6 3.g3 Bb7 4.Bg2 c5 5.O-O e6 6.Nc3 Be7 7.b3 O-O 8.Bb2 a6
9.d4 cxd4 10.Qxd4 Nc6 11.Qf4 Qb8 12.Rfd1 Rd8 13.Rd2 Na7 14.Rad1 Qxf4 15.gxf4 Bc6
16.Ne5 Bxg2 17.Kxg2 d6 18.Ba3 Ne8 19.Ne4 dxe5 20.Bxe7 Rxd2 21.Rxd2 Nc6 22.Rd7 exf4
23.Bd6 Nxd6 24.Rxd6 Rc8 25.Rd7 f5 26.Ng5 e5 27.Ne6 g6 28.Rg7+ Kh8 29.Rb7 Rb8
30.Rc7 Nd8 31.Ng5 h6 32.Nf3 e4 33.Ne5 g5 34.Ng6+ Kg8 35.Ne7+ Kf8 36.Nxf5 Nf7
37.Rc6 h5 38.Re6 e3 39.fxe3 fxe3 40.Nxe3 Re8 41.Rxe8+ Kxe8 42.Nd5 Kd8  1-0

[Event "Finkenstein op"]
[Site "Finkenstein"]
[Date "1996.??.??"]
[Round "7"]
[White "Kostanjsek, Zorko"]
[Black "Marjanovic, Slavoljub"]
[Result "1-0"]
[WhiteElo "2205"]
[BlackElo "2095"]

1.Nf3 e6 2.g3 b6 3.Bg2 Bb7 4.O-O Nf6 5.c4 c5 6.Nc3 Be7 7.b3 O-O 8.d4 cxd4
9.Qxd4 Nc6 10.Qf4 Rc8 11.Rd1 a6 12.Bb2 Qc7 13.Qxc7 Rxc7 14.Nd5 exd5 15.cxd5 Nxd5
16.Rxd5 Nb4 17.Rd2 Nd5 18.Ne5 Nf6 19.Nc4 Bxg2 20.Kxg2 b5 21.Nd6 Ne8 22.Nf5 Bf6
23.Bxf6 Nxf6 24.Rd6 Ra8 25.f3 Rc2 26.Kf1 Kf8 27.g4 Ra7 28.h4 Ne8 29.Rb6 g6
30.Ne3 Rc8 31.a4 Rc6 32.Rb8 Rac7 33.axb5 Rc1+ 34.Rxc1 Rxc1+ 35.Kf2 axb5 36.Nd5 Rc5
37.Nf6  1-0

[Event "ISL-ch"]
[Site "Gardabaer"]
[Date "1996.??.??"]
[Round "9"]
[White "Bjarnason, Saevar"]
[Black "Hjartarson, Johann"]
[Result "0-1"]
[WhiteElo "2305"]
[BlackElo "2570"]

1.Nf3 Nf6 2.g3 b6 3.Bg2 Bb7 4.O-O c5 5.c4 e6 6.Nc3 a6 7.d4 cxd4 8.Qxd4 d6
9.Rd1 Be7 10.b3 Nbd7 11.e4 Qb8 12.Ba3 Nc5 13.e5 dxe5 14.Qxe5 Ncd7 15.Qxb8+ Rxb8
16.Bd6 Bxd6 17.Rxd6 Ke7 18.Rad1 Rhc8 19.R6d3 b5 20.cxb5 axb5 21.Ne2 Nc5 22.Rd4 Ra8
23.Nc1 Rc7 24.Ne5 Bxg2 25.Kxg2 Nce4 26.Kf3 Rc3+ 27.Ned3 Nc5 28.Ke2 Nxd3 29.R4xd3 Nd5
30.Ke1 g5 31.Rxc3 Nxc3 32.Rd2 b4 33.Kf1 Rc8 34.Rc2 Rd8 35.a4 Rd1+ 36.Kg2 Kd6
37.Na2 Nxa2 38.Rxa2 Rd3 39.a5 Kc7 40.a6 Kb8 41.Ra5 Ka7 42.Rxg5 Rxb3 43.Rg7 Rc3
44.Rxh7 b3 45.Rxf7+ Kxa6 46.Rf8 Rc6 47.Ra8+ Kb5 48.Ra1 Kb4 49.h4 b2 50.Rb1 Kc3
51.g4 Kc2 52.Rxb2+ Kxb2 53.g5 Kc3 54.Kg3 Kd4 55.Kg4 Rc2  0-1

[Event "Gausdal Masters"]
[Site "Gausdal"]
[Date "1996.??.??"]
[Round "9"]
[White "Ivanov, Mikhail M"]
[Black "Ostenstad, Berge"]
[Result "1/2-1/2"]
[WhiteElo "2375"]
[BlackElo "2470"]

1.Nf3 c5 2.c4 Nf6 3.g3 b6 4.Bg2 Bb7 5.O-O e6 6.d3 d5 7.cxd5 Nxd5 8.d4 cxd4
9.Qxd4 Nc6 10.Qg4 b5 11.Nd4 Nf6 12.Nxc6 Nxg4 13.Nxd8 Bxg2 14.Kxg2 Rxd8 15.h3 Nf6
16.Bd2 Be7 17.Ba5 Rc8 18.Nd2 Nd5 19.Rac1 O-O 20.e4 Nb4 21.Bxb4 Bxb4 22.Nb3 Rc4
23.Kf3 Rfc8 24.Ke3 Kf8 25.Rxc4 Rxc4 26.Rc1 Bc5+ 27.Kf3 Rxc1 28.Nxc1 Bd4 29.Nd3 Ke7
30.b3 Kd6 31.Ke2 f5 32.f3 Ke7 33.Kf1 Kf6 34.Kg2 h5 35.Kf1 g6  1/2-1/2

[Event "BEL-ch"]
[Site "Geel"]
[Date "1996.??.??"]
[Round "8"]
[White "Vanderwaeren, Serge"]
[Black "Goormachtigh, Johan"]
[Result "1/2-1/2"]
[WhiteElo "2315"]
[BlackElo "2290"]

1.c4 e6 2.Nf3 Nf6 3.g3 b6 4.Bg2 Bb7 5.O-O c5 6.Nc3 d6 7.b3 Nbd7 8.Bb2 Be7
9.d4 cxd4 10.Nxd4 Bxg2 11.Kxg2 Qc7 12.e3 O-O 13.f4 Qb7+ 14.Qf3 Qxf3+ 15.Kxf3 Rfc8
16.Rfd1 a6 17.g4 Rab8 18.g5 Ne8 19.Rac1 g6 20.Rd2 Nc5 21.Rdd1  1/2-1/2

[Event "BL2-O9596"]
[Site "Germany"]
[Date "1996.??.??"]
[Round "?"]
[White "Konopka, Michal"]
[Black "Jahn, Constanze"]
[Result "1-0"]
[WhiteElo "2405"]
[BlackElo "2225"]

1.Nf3 Nf6 2.c4 e6 3.g3 b6 4.Bg2 Bb7 5.O-O c5 6.Nc3 Be7 7.d4 d5 8.cxd5 exd5
9.Bf4 O-O 10.dxc5 bxc5 11.Ne5 Nc6 12.Nxd5 Nxe5 13.Nxe7+ Qxe7 14.Bxb7 Rab8
15.Bg2 Rxb2 16.Bc1 Rb6 17.Qc2 Nc6 18.Ba3 Nd7 19.Rfd1 Qe5 20.e3 Nb4 21.Qa4 Ra6
22.Qb3 Rb8 23.Bb2 Qe7 24.a3 Nc6 25.Qd3 Rxb2 26.Qxa6 Nce5 27.Rab1 Rxb1 28.Rxb1 Nb6
29.Bb7 g6 30.Qxa7 Nbc4 31.Qa8+ Kg7 32.Bd5 Nd6 33.Qa5 c4 34.Qc5 Qf6 35.Qd4 c3
36.f4 Ng4 37.Qxf6+ Kxf6 38.e4 c2 39.Rc1 Ne3 40.e5+  1-0

[Event "BL2-N9596"]
[Site "Germany"]
[Date "1996.??.??"]
[Round "?"]
[White "Klimm, Wolf Dietrich"]
[Black "Cladouras, Panagiotis"]
[Result "1/2-1/2"]
[WhiteElo "2220"]
[BlackElo "2385"]

1.Nf3 Nf6 2.c4 e6 3.g3 b6 4.Bg2 Bb7 5.O-O c5 6.Nc3 Be7 7.Re1 d6 8.e4 e5 9.d3 O-O
10.Nh4 Ne8 11.Nf5 Bf6 12.Rf1 Nc6 13.Nd5 Bc8 14.Nxf6+ Qxf6 15.Ne3 Qd8 16.f4 Nd4
17.f5 a6 18.h4 b5 19.Nd5 Bb7 20.f6 Bxd5 21.fxg7 Nxg7 22.cxd5 Ra7 23.Bh3 f6
24.Bh6 Qe8 25.h5 Kh8 26.Kh2 Raf7 27.Be3 Qd8 28.h6 Ne8 29.Bxd4 exd4 30.Be6 Re7
31.b3 Nc7 32.Bf5 Rg8 33.Rf4 Qf8 34.Rh4 Re5 35.Qf3 Rg5 36.g4 Qe7 37.Rf1 Rg8
38.Rh5 a5 39.Rh4 Rg5 40.Rh5 Rg8 41.Qf4 Rg5 42.Rh3 Qd8 43.Bd7 Rg6 44.Bf5 Rg8
45.Rg3 Ree8 46.Rgf3 Qe7 47.Bd7 Ref8 48.Bf5 Rf7 49.Rh3 Ra8 50.Rg3 Rg8 51.a4 b4
52.Rgf3 Rff8 53.R1f2 Rf7 54.Rf1 Rff8 55.R1f2 Rf7  1/2-1/2

[Event "BL2-N9596"]
[Site "Germany"]
[Date "1996.??.??"]
[Round "?"]
[White "Lagunow, Alexander"]
[Black "Stern, Rene"]
[Result "1/2-1/2"]
[WhiteElo "2395"]
[BlackElo "2435"]

1.c4 Nf6 2.Nf3 e6 3.g3 b6 4.Bg2 Bb7 5.O-O c5 6.Nc3 Be7 7.d4 cxd4 8.Qxd4 d6
9.Rd1 a6 10.Bg5 Nbd7 11.Qd2 Qc7 12.Rac1 Rd8 13.Bf4 Ne5 14.b3 O-O 15.Na4 Nfd7
16.Qb4 Rfe8 17.Be3 Rb8 18.Nxe5 dxe5 19.Qd2 Red8 20.Bxb7 Qxb7 21.Qc3 Qc7 22.c5 bxc5
23.Nxc5 Nxc5 24.Rxd8+ Rxd8 25.Bxc5 f6 26.b4 Bxc5 27.bxc5 Qc6 28.Qb3 Rd2 29.Qb6 Qxb6
30.cxb6 Rb2 31.Rc6 Kf7 32.Rc7+ Kg6 33.b7 e4 34.e3 a5 35.a4 f5 36.Kf1 h5 37.h4 Kf6
38.Ke1 g5 39.Kd1 gxh4 40.gxh4 Kg6 41.Kc1 Rb4 42.Kc2 Kf6 43.Kc3 Kg6 44.Rc5 Rxb7
45.Rxa5 Rb1 46.Rb5 Rf1 47.Rb2 f4 48.Ra2 Kf5 49.a5 fxe3 50.fxe3 Kg4 51.a6 Rf8
52.a7 Ra8 53.Kd4 Kxh4 54.Kc5 Kg3 55.Kb6 h4 56.Kb7 Rxa7+ 57.Rxa7 Kf3 58.Ra3  1/2-1/2

[Event "Oberliga Nord W9596"]
[Site "Germany"]
[Date "1996.??.??"]
[Round "?"]
[White "Westphal, Matthias"]
[Black "Klostermann, Markus"]
[Result "1/2-1/2"]
[WhiteElo "2275"]
[BlackElo "2290"]

1.Nf3 c5 2.g3 b6 3.Bg2 Bb7 4.O-O Nf6 5.c4 e6 6.Nc3 Be7 7.Re1 O-O 8.e4 d6
9.d4 cxd4 10.Nxd4 Qc8 11.b3 a6 12.Bb2 Nbd7 13.h3 Qc7 14.g4 g6 15.Qd2 Rfe8
16.Rad1 Rad8 17.Nde2 Qb8 18.Ng3 Ne5 19.g5 Nfd7 20.h4 Ba8 21.f4 Nc6 22.Nd5 exd5
23.exd5 Nce5 24.fxe5 Nxe5 25.Ne4 b5 26.cxb5 Qxb5 27.Rf1 Qd7 28.Qf2 Rc8 29.Bxe5 dxe5
30.Qxf7+ Kh8 31.d6 Rc2 32.dxe7 Rxg2+ 33.Kxg2 Qg4+ 34.Kf2 Qxh4+ 35.Kg1 Qg4+
36.Kf2 Qh4+ 37.Kg1  1/2-1/2

[Event "BL2-S9596"]
[Site "Germany"]
[Date "1996.??.??"]
[Round "?"]
[White "Schreiner, Richard"]
[Black "Grathwohl, Roland"]
[Result "1-0"]
[WhiteElo "2225"]
[BlackElo "2285"]

1.Nf3 Nf6 2.c4 b6 3.g3 Bb7 4.Bg2 e6 5.O-O c5 6.Nc3 a6 7.a3 Be7 8.Rb1 O-O
9.b4 cxb4 10.axb4 d6 11.d3 Qc7 12.Bd2 Nbd7 13.e3 Rfc8 14.Qe2 d5 15.cxd5 Nxd5
16.Rfc1 Qd8 17.Nxd5 Bxd5 18.b5 Rxc1+ 19.Rxc1 axb5 20.e4 Bb7 21.d4 b4 22.Qe1 Nf6
23.d5 exd5 24.e5 Ne4 25.Bxb4 Bc5 26.Bxc5 bxc5 27.Nh4 Qc7 28.f3 Ng5 29.f4 Ne4
30.Nf5 c4 31.Bxe4 dxe4 32.Qe2 Bd5 33.Rd1 Ra5 34.Qg4 g6 35.Qg5 Qb6+ 36.Kg2 Ra2+
37.Kh3 f6 38.exf6 Qe6 39.Rxd5 Kf7 40.Re5  1-0

[Event "BL2-N9697"]
[Site "Germany"]
[Date "1996.??.??"]
[Round "?.3"]
[White "Kleeschaetzky, Ralf"]
[Black "Becker, W."]
[Result "1/2-1/2"]
[WhiteElo "2265"]
[BlackElo "2330"]

1.Nf3 Nf6 2.c4 b6 3.g3 Bb7 4.Bg2 c5 5.O-O e6 6.b3 Be7 7.Bb2 O-O 8.Nc3 a6
9.d4 cxd4 10.Qxd4 Nc6 11.Qd2 Qc7 12.Rac1 Na5 13.Rfd1 Rfd8 14.Qe1 Rac8 15.Na4 Bc6
16.Nc3 Qb8 17.e4 d6 18.Nd4  1/2-1/2

[Event "BL2-S9697"]
[Site "Germany"]
[Date "1996.??.??"]
[Round "?.1"]
[White "Vokac, Marek"]
[Black "Ruf, Matthias"]
[Result "1-0"]
[WhiteElo "2470"]
[BlackElo "2370"]

1.c4 c5 2.Nf3 Nf6 3.g3 b6 4.Bg2 Bb7 5.O-O e6 6.Nc3 Be7 7.Re1 d6 8.e4 O-O
9.d3 a6 10.a3 Ra7 11.h3 Nbd7 12.Nh2 Ne8 13.Ng4 Nc7 14.f4 Re8 15.Bd2 Bf8 16.Kh2 b5
17.b3 Bc6 18.Qc2 Rb7 19.Nd5 bxc4 20.dxc4 exd5 21.exd5 Bxd5 22.cxd5 Rxe1 23.Bxe1 Nb5
24.Qd3 h5 25.Ne3 Qf6 26.Rd1 g6 27.Nc4 Bg7 28.b4 Rb8 29.Bf2 Nc3 30.Re1 cxb4
31.axb4 Rxb4 32.Re8+ Kh7 33.Nd2 Rb8 34.Rxb8 Nxb8 35.Nf3 Nb5 36.Qe4 Qd8 37.Ng5+ Kg8
38.Bb6 Qf8 39.f5 Bf6 40.Be3 Nc3 41.Qd3 Qe8 42.fxg6 fxg6 43.Ne6 Qf7 44.Bf4 h4
45.Bxd6 hxg3+ 46.Bxg3 Nd7 47.Qxa6 Kh7 48.Qc8 Kh6 49.Qc4 g5 50.Qd3 Qg6 51.Qe3 Qf5
52.Nd4 Bxd4 53.Qxd4 Ne2 54.Qh8+ Qh7 55.Qxh7+ Kxh7 56.Bc7 Kg6 57.Bf3 Nc3 58.Ba5 Nb5
59.Be4+ Kf6 60.Bd3 Nd4 61.Bc3 Ke5 62.Bb5 Nc5 63.d6 Kd5 64.d7 Nce6 65.Ba4 Nc6
66.Bf6 Ncd4 67.d8=Q+ Nxd8 68.Bxd8 Ke5 69.Kg3 Kf5 70.Bd7+ Kg6 71.Kg4 Kg7 72.Bxg5 Kg6
73.Be3 Ne2 74.Bc6 Nc3 75.Bd4 Ne2 76.Bb2 Kh6 77.h4 Kg6 78.Bb5  1-0

[Event "BL2-W9697"]
[Site "Germany"]
[Date "1996.??.??"]
[Round "?.6"]
[White "Molinaroli, Martin"]
[Black "Heinbuch, Detlef"]
[Result "0-1"]
[WhiteElo "2265"]
[BlackElo "2365"]

1.c4 c5 2.Nf3 Nf6 3.g3 b6 4.Bg2 Bb7 5.O-O e6 6.Nc3 a6 7.d4 cxd4 8.Qxd4 d6
9.b3 Nbd7 10.Bb2 Be7 11.Rfd1 O-O 12.e4 Qc7 13.Rac1 Rfd8 14.h3 Rac8 15.Qe3 Qb8
16.Ne1 Bc6 17.Nc2 Ne8 18.Nd4 Ba8 19.Qe2 Bf6 20.Kh2 Rc7 21.Rd2 Rdc8 22.Rcd1 b5
23.cxb5 Rxc3 24.Bxc3 Rxc3 25.bxa6 Nc7 26.Rc2 Rxc2 27.Nxc2 Qb6 28.a7 Nb5 29.e5 Bxg2
30.Kxg2 Qb7+ 31.Kh2 Nc3 32.Qg4 Nxe5 33.Qf4 Nxd1 34.Qa4 Qa8 35.Nd4 Nxf2 36.Qb5 Qh1+  0-1

[Event "NRW-Liga II 9596"]
[Site "Germany"]
[Date "1996.??.??"]
[Round "?"]
[White "Odendahl, Reiner"]
[Black "Notkin, Maksim"]
[Result "1/2-1/2"]
[WhiteElo "2370"]
[BlackElo "2520"]

1.Nf3 Nf6 2.c4 c5 3.g3 b6 4.Bg2 Bb7 5.O-O e6 6.Nc3 Be7 7.Re1 d6 8.e4 a6 9.d4 cxd4
10.Nxd4 Qc7 11.Bf4 Nbd7 12.Nd5 exd5 13.exd5 Ne5 14.Nf5 O-O 15.Bxe5 dxe5 16.d6 Bxd6
17.Qxd6 Qxd6 18.Nxd6 Bxg2 19.Kxg2 Rfd8 20.Rad1 Rd7 21.b4 a5 22.c5 axb4 23.cxb6 Rb8
24.Nc4 Rxd1 25.Rxd1 Kf8 26.Rb1 Nd5 27.Nxe5 Ke8 28.Nc4 f6 29.Rb3 Kd7 30.a3 Kc6
31.axb4 Kb5 32.Ne3 Nxb6 33.Nf5 g6 34.Nd6+ Kc6 35.Ne4 Nd5 36.Rb2 Rb5 37.Rc2+ Kb6
38.Rd2 Kc6 39.Rc2+ Kb6 40.Rc5 Rxc5 41.bxc5+ Kc6 42.g4 h5 43.gxh5 Nf4+ 44.Kg3 Nxh5+
45.Kh4 Kd5 46.f3 Kc6 47.Nxf6 Nxf6 48.Kg5 Nd7 49.h4 Ne5 50.f4 Nf3+  1/2-1/2

[Event "Haarlem op"]
[Site "Haarlem"]
[Date "1996.??.??"]
[Round "3"]
[White "Szekely, Peter"]
[Black "Oei, Hway Ik"]
[Result "1/2-1/2"]
[WhiteElo "2435"]
[BlackElo "2205"]

1.Nf3 Nf6 2.c4 c5 3.g3 b6 4.Bg2 Bb7 5.O-O e6 6.b3 d6 7.Bb2 Nbd7 8.Nc3 a6
9.e3 Be7 10.d4 cxd4 11.Nxd4 Qc7 12.Rc1 O-O 13.Bxb7 Qxb7 14.Qf3  1/2-1/2

[Event "Hawaii op"]
[Site "Honolulu"]
[Date "1996.??.??"]
[Round "?"]
[White "Gufeld, Eduard"]
[Black "Nakamura, Clyde J"]
[Result "1-0"]
[WhiteElo "2445"]
[BlackElo "2060"]

1.Nf3 Nf6 2.g3 b6 3.Bg2 Bb7 4.O-O c5 5.c4 e6 6.Nc3 Be7 7.b3 O-O 8.Bb2 d6
9.d4 Nbd7 10.d5 e5 11.e4 Ne8 12.Ne1 f5 13.exf5 Rxf5 14.Nd3 Rf8 15.f4 Bf6
16.Ne4 Qe7 17.Qc2 g6 18.Rae1 Bg7 19.Bh3 Nef6 20.Nxd6 Qxd6 21.fxe5 Nxe5 22.Bxe5 Qd8  1-0

[Event "HUN-chT1 9697"]
[Site "Hungary"]
[Date "1996.??.??"]
[Round "1"]
[White "Schneider, Attila"]
[Black "Eperjesi, Laszlo"]
[Result "1-0"]
[WhiteElo "2380"]
[BlackElo "2395"]

1.Nf3 Nf6 2.c4 c5 3.g3 b6 4.Bg2 Bb7 5.O-O e6 6.Nc3 d6 7.b3 Nbd7 8.d4 cxd4
9.Qxd4 a6 10.Rd1 Qb8 11.e4 Be7 12.Ba3 Nc5 13.e5 dxe5 14.Qxe5 Ncd7 15.Qxb8+ Rxb8
16.Bc1 Rc8 17.Bf4 h6 18.Ne5 Bxg2 19.Kxg2 g5 20.Nxd7 Nxd7 21.Be3 Rc6 22.Rac1 Kd8
23.Bd4 Rg8 24.Rd3 Kc7 25.Rcd1 Bc5 26.Ne4 f5 27.Bxc5 Nxc5 28.Nxc5 bxc5 29.Rd7+ Kb6
30.Rh7  1-0

[Event "Jakarta Gunadarma"]
[Site "Jakarta"]
[Date "1996.??.??"]
[Round "9"]
[White "Gunawan, Ruben"]
[Black "Ftacnik, Lubomir"]
[Result "1/2-1/2"]
[WhiteElo "2425"]
[BlackElo "2610"]

1.Nf3 Nf6 2.c4 c5 3.g3 b6 4.Bg2 Bb7 5.O-O e6 6.b3 Be7 7.Bb2 O-O 8.e3 a6 9.Qe2 b5
10.d3 Nc6 11.Rd1 Rb8 12.Nbd2 d6 13.e4 bxc4 14.dxc4 e5 15.Ne1 Re8 16.Nc2 Bf8
17.Ne3 Nd4 18.Qd3 g6 19.Bc3 h5 20.Nd5 h4 21.Ba5  1/2-1/2

[Event "Jyvaskyla op2"]
[Site "Jyvaskyla"]
[Date "1996.??.??"]
[Round "3"]
[White "Fieandt, John"]
[Black "Raaste, Eero J"]
[Result "0-1"]
[WhiteElo "2220"]
[BlackElo "2355"]

1.Nf3 Nf6 2.c4 c5 3.g3 b6 4.Bg2 Bb7 5.O-O e6 6.Nc3 Be7 7.Re1 O-O 8.a3 a6
9.e4 d6 10.b4 Nbd7 11.Rb1 Qc7 12.Qb3 Rab8 13.Bb2 cxb4 14.axb4 Ne5 15.Nxe5 dxe5
16.Na4 Rfd8 17.Bc3 Nd7 18.Nb2 Rbc8 19.Qd1 Nb8 20.Rc1 Nc6 21.Qa4 Nd4 22.Kh1 h6
23.h3 Bf6 24.Qa3 Be7 25.Qa2 Kh7 26.Kh2 Qb8 27.Na4 Bc6 28.c5 Bxa4 29.Qxa4 bxc5
30.bxc5 Qb5 31.Ra1 Rc6 32.Qa5 Qxc5 33.Qxc5 Bxc5 34.Bxd4 Bxd4 35.Ra2 Rdc8
36.Rb1 Rc2 37.Rxa6 Rxd2 38.Ra3 Bxf2 39.Rf3 Rcc2 40.Rf1 Bd4  0-1

[Event "Karditsa"]
[Site "Karditsa"]
[Date "1996.??.??"]
[Round "4"]
[White "Miladinovic, Igor"]
[Black "Atalik, Suat"]
[Result "1/2-1/2"]
[WhiteElo "2560"]
[BlackElo "2535"]

1.Nf3 c5 2.g3 b6 3.Bg2 Bb7 4.O-O Nf6 5.c4 e6 6.d4 cxd4 7.Qxd4 d6 8.b3 a6
9.Bb2 Bxf3 10.Bxf3 Ra7 11.Rd1 Rd7 12.Nc3  1/2-1/2

[Event "IND-ch"]
[Site "Kasaragod"]
[Date "1996.??.??"]
[Round "12"]
[White "Hegde, Ravi Gopal"]
[Black "Kunte, Abhijit"]
[Result "1/2-1/2"]
[WhiteElo "2355"]
[BlackElo "2345"]

1.Nf3 Nf6 2.c4 e6 3.g3 b6 4.Bg2 Bb7 5.O-O c5 6.Nc3 Be7 7.Re1 O-O 8.e4 d6
9.d4 cxd4 10.Nxd4 Qc8 11.Be3 a6 12.Rc1 Nbd7 13.f4 Re8 14.Bf2 g6 15.e5 dxe5
16.fxe5 Nh5 17.Nf3 Qc7 18.Ne4 Red8 19.Qc2 Rac8 20.Qc3 Bf8 21.b4 Ng7 22.g4 a5
23.a3 axb4 24.axb4 Ra8 25.c5 bxc5 26.bxc5 Bxe4 27.Rxe4 Rdc8 28.Rc4 Ne8 29.Qd4 Ra5
30.c6 Nxe5 31.Nxe5 Qxe5 32.Qxe5 Rxe5 33.Bg3 Rb5 34.c7 Rb3 35.Bc6 Nxc7 36.Bd7 Rd8
37.Rxc7 Rd3 38.Ba4 R3d4 39.Bb3 Bd6 40.Bxd6 R8xd6 41.R7c4 h6 42.Rxd4 Rxd4
43.Bd1 Kg7 44.Kf2 f5 45.gxf5 exf5 46.Bf3 Rd6  1/2-1/2